| 000 | 01129nam1a22002771i 4500 | ||
|---|---|---|---|
| 001 | v19\rc\2103706 | ||
| 005 | 20240723192214.0 | ||
| 035 | _a(NLR Aleph) 005281198 | ||
| 090 |
_a6100074 _c6100074 |
||
| 100 | _a20090914d1804 |||y0rusy50 ca | ||
| 101 | 1 |
_arus _cfre |
|
| 102 | _aRU | ||
| 105 | _ay z ||||| | ||
| 200 | 1 |
_aКраткая история о философах и славных женах, _fсочиненная господином Бюри. _gПеревел с французскаго языка коллежский ассессор Михайло Падерин |
|
| 210 |
_aМосква _cв типографии Христоф. Клаудия _d1804 |
||
| 215 | _d8° (20 см) | ||
| 321 | 1 | _aСК 1801-1825 914 | |
| 700 | 1 |
_aБюри _bР. де _f1730-1794 _gРишар де |
|
| 702 | 1 |
_9z01790 _aПадерин _bМ. _fок. 1752-1809 _gМихаил _4730 |
|
| 790 | 1 |
_9z01702 _aПадерин _bМ. _gМихайла |
|
| 801 | 0 |
_aRU _bNLR _c20090914 _gpsbo |
|
| 801 | 1 |
_aRU _bProSoft-M _c20090914 _2rusmarc |
|
| 801 | 2 |
_aRU _bNLR _c20120419 _2rusmarc |
|
| 852 |
_aNLR _j18.272.2.6 |
||
| 852 |
_aNLR _j139/74 |
||
| 942 | _cBOOK | ||